| 000 | 00682nam a2200229Ia 4500 | ||
|---|---|---|---|
| 003 | OSt | ||
| 005 | 20230517144234.0 | ||
| 008 | 210423s2005 xx 000 0 und d | ||
| 020 | _a978-0-486-49837-9 | ||
| 040 | _cAL | ||
| 041 | _aeng | ||
| 082 |
_a515.64 _223 _bMACC |
||
| 100 |
_aMACCLUER (Charles R) _9106981 |
||
| 245 | _aCalculas of variations: mechanics control and other applications | ||
| 260 |
_aNew York _bDover publications _c2005 |
||
| 300 |
_ax,254 _bPB |
||
| 365 |
_b986.7 _cINR |
||
| 650 |
_aMathematical Analysis _9106982 |
||
| 650 |
_aMathematics _9106983 |
||
| 906 | _aapplications ; Calculas ; control ; mechanics ; other ; variations: | ||
| 942 |
_2ddc _cBK |
||
| 999 |
_c166609 _d166609 |
||